[Event "Travemuende op 21th"]
[Site "Travemuende"]
[Date "2004.12.28"]
[Round "3"]
[White "Masio, Andreas"]
[Black "Blaka, Idriz"]
[Result "0-1"]
[WhiteElo "2177"]
[BlackElo "1899"]
[PlyCount "120"]
[EventDate "2004.12.27"]
[EventType "swiss"]
[EventRounds "7"]
[EventCountry "GER"]
[SourceTitle "EXT 2006"]
[Source "ChessBase"]
[SourceDate "2005.11.24"]
[SourceVersion "1"]
[SourceVersionDate "2005.11.24"]
[SourceQuality "1"]

1. e4 e6 2. d3 d5 3. Nd2 dxe4 4. dxe4 Bc5 5. Ngf3 Nf6 6. Bd3 g5 7. Nb3 Be7 8. Bxg5 Nbd7 9. Qd2 b6 10. 0-0-0 Bb7 11. Rhe1 a5 12. Nbd4 c6 13. Bc4 Nc5 14. Qf4 Nfd7 15. Nf5 Bxg5 16. Nd6+ Kf8 17. Nxg5 Qf6 18. Qh4 h6 19. Nxb7 hxg5 20. Qg3 Qf4+ 21. Qxf4 gxf4 22. Nxc5 Nxc5 23. h3 Rg8 24. Bf1 Ke7 25. f3 e5 26. Rd2 Rad8 27. Red1 Rxd2 28. Rxd2 Rd8 29. b3 Rxd2 30. Kxd2 b5 31. c3 Ne6 32. a3 Nc5 33. Kc2 Kf6 34. b4 axb4 35. axb4 Nb7 36. c4 bxc4 37. Bxc4 Nd6 38. Kb3 Kg5 39. Bf1 Kh4 40. Ka4 Kg3 41. Ka5 Kf2 42. h4 Kxf1 43. h5 Ne8 44. h6 Nf6 45. Kb6 Kxg2 46. Kxc6 Kxf3 47. b5 Kxe4 48. b6 f3 49. b7 f2 50. b8Q f1Q 51. Qb4+ Kf5 52. Qb3 Qa6+ 53. Kc7 Qa7+ 54. Kc8 Qd7+ 55. Kb8 Qe6 56. Qg3 Qe8+ 57. Kb7 Qh8 58. Qf3+ Kg6 59. Qg3+ Kxh6 60. Qxe5 Qd8 0-1